00211nam a2200073Ia 4500008004100000082001700041100003400058245004500092240331s9999 xx 000 0 und d a305.406bFOR aNGO forum on women Beijin. ed 0aForum 95 :bNGO forum on women Beijin 95